000 00463nam a2200181Ia 4500
003 GCL
008 140319s9999 xx 000 0 ara d
040 _aGCL /
_cGCL
082 0 4 _a813.6
_bز م
100 1 _aصبحى حديدى
245 1 0 _aالرواية والاسطورة /
_cصبحى حديدى
700 1 _aزيرافا، ميشيل
300 _a83 ص
490 _a
650 0 4 _aالقصص
650 0 4 _aالادب القصصى
942 _2ddc
_cBK
999 _c40106
_d40106